000 00248nam a2200097Ia 4500
008 240331s9999 xx 000 0 und d
082 _bMAR
100 _aIndiaya cumunist kachchi. ed
245 0 _aMarksiya thathuvaarasiyal padak kurippukal
942 _cL
999 _c3591
_d3591